Catálogo
 En Linea

Informe de sistematización del Plan Nacional de Alfabetización Quisqueya Aprende Contigo / (Registro nro. 49625)

Detalles MARC
000 -CABECERA
campo de control de longitud fija 01808nam a22002777a 4500
003 - IDENTIFICADOR DEL NÚMERO DE CONTROL
campo de control OSt
005 - FECHA Y HORA DE LA ÚLTIMA TRANSACCIÓN
campo de control 20220331093525.0
008 - DATOS DE LONGITUD FIJA--INFORMACIÓN GENERAL
campo de control de longitud fija 100322s2020 dr ac 000 0 spa d
020 ## - NÚMERO INTERNACIONAL ESTÁNDAR DEL LIBRO
Número Internacional Estándar del Libro 9789945612295
040 ## - FUENTE DE LA CATALOGACIÓN
Centro catalogador/agencia de origen DO-SdBNP
Lengua de catalogación spa
Centro/agencia transcriptor BNPHU
082 #4 - NÚMERO DE LA CLASIFICACIÓN DECIMAL DEWEY
Número de clasificación 372.6
Número de documento/Ítem O68i
Número de edición 22
110 1# - ENTRADA PRINCIPAL--NOMBRE DE ENTIDAD CORPORATIVA
Nombre de entidad corporativa o nombre de jurisdicción como elemento de entrada Organización de Estados Iberoamericanos para la Educación, la Ciencia y la Cultura
9 (RLIN) 29137
245 10 - MENCIÓN DE TÍTULO
Título Informe de sistematización del Plan Nacional de Alfabetización Quisqueya Aprende Contigo /
Mención de responsabilidad, etc. María del Pilar González ; coordinadora general Rita Monte de Ocas.
260 ## - PUBLICACIÓN, DISTRIBUCIÓN, ETC.
Lugar de publicación, distribución, etc. Santo Domingo :
Nombre del editor, distribuidor, etc. Organización de Estados Iberoamericanos para la Educación la Ciencia y la Cultura (OEI),
-- Dirección General de Programas Especiales de la Presidencia (DIGEPEP)
Fecha de publicación, distribución, etc. 2020.
300 ## - DESCRIPCIÓN FÍSICA
Extensión 110 p. :
Otras características físicas il., fots., gráfcs., retrs.,
Dimensiones 28 cm.
490 ## - MENCIÓN DE SERIE
Mención de serie Quisqueya aprende contigo
504 ## - NOTA DE BIBLIOGRAFÍA, ETC.
Nota de bibliografía, etc. Bibliografía : p. 107-110
505 0# - NOTA DE CONTENIDO CON FORMATO
Título Prefacio (Mariano Jabonero) --
-- Lista de abreviaturas --
-- Introducción: del despliegue a la intervención personalizada --
Información miscelánea Capítulo 1 --
Título Del diseño a la implementación del plan: fases y niveles --
Información miscelánea Capítulo 2 --
Título Despliegues y procesos --
Información miscelánea Capítulo 3 --
Título El relato institucional, la voz de los protagonistas --
Información miscelánea Capítulo 4 --
Título Alcance y límites de los resultados --
Información miscelánea Capítulo 5 --
Título Nuevos puntos de partida para nuevos puntos de llegada --
-- A modo de cierre: Cuando la conclusión se convierte en introducción --
-- Bibliografía .
590 ## - NOTA LOCAL (RLIN)
Nota local Inventariado, 2021/ YL
650 #4 - PUNTO DE ACCESO ADICIONAL DE MATERIA--TÉRMINO DE MATERIA
Término de materia o nombre geográfico como elemento de entrada Alfabetización (Educación)
9 (RLIN) 77100
650 #4 - PUNTO DE ACCESO ADICIONAL DE MATERIA--TÉRMINO DE MATERIA
Término de materia o nombre geográfico como elemento de entrada Política educativa
Subdivisión geográfica República Dominicana
9 (RLIN) 10500
700 1# - PUNTO DE ACCESO ADICIONAL--NOMBRE DE PERSONA
Nombre de persona González, María del Pilar,
9 (RLIN) 78177
Término indicativo de función/relación autora
700 1# - PUNTO DE ACCESO ADICIONAL--NOMBRE DE PERSONA
Nombre de persona Monte de Ocas, Rita,
Término indicativo de función/relación coord.
9 (RLIN) 206
910 ## - DATOS DE OPCIÓN DEL USUARIO (OCLC)
Datos de opción del usuario YL / Validado. Control de calidad MFF
942 ## - ELEMENTOS DE PUNTO DE ACCESO ADICIONAL (KOHA)
Fuente del sistema de clasificación o colocación Dewey Decimal Classification
Tipo de ítem Koha Libro
Existencias
Estado de retiro Estado de pérdida Fuente del sistema de clasificación o colocación Restricciones de uso No para préstamo Código de colección Localización permanente Ubicación/localización actual Ubicación en estantería Fecha de adquisición Fuente de adquisición Total de préstamos Signatura topográfica completa Código de barras Fecha visto por última vez Precio válido a partir de Tipo de ítem Koha Número de copia
    Dewey Decimal Classification Préstamo restringido   Patrimonio Dominicano Biblioteca Nacional Pedro Henríquez Ureña Biblioteca Nacional Pedro Henríquez Ureña Depósito 23.11.2020 Depósito Legal   BNPHU PD 372.6 O68i 2021-1017 19.03.2021 19.03.2021 Libro  
    Dewey Decimal Classification Excluido de préstamo   Patrimonio Dominicano Biblioteca Nacional Pedro Henríquez Ureña Biblioteca Nacional Pedro Henríquez Ureña Depósito 23.11.2020 Depósito Legal   BNPHU PD 372.6 O68i 2021-1018 19.03.2021 19.03.2021 Libro e.2
    Dewey Decimal Classification Préstamo en sala   Dominicana de Servicio Biblioteca Nacional Pedro Henríquez Ureña Biblioteca Nacional Pedro Henríquez Ureña Depósito 23.11.2020 Depósito Legal   BNPHU DS 372.6 O68i 2022-0941 19.03.2021 19.03.2021 Libro e.3

Con tecnología Koha